000 00839nam a22002537a 4500
001 BR7375593
003 BR-BrBNA
005 20230928084430.0
007 ta
008 230509b bl.||||| |||| 00| 0 por d
040 _aBR-BrBNA
_bpor
_cBiblioteca Nacional de Agricultura
041 _a(Por)
072 _aD10
_b/G514
090 _ D10 BR7375593
110 1 _aSuperintendencia do Desenvolvimento do Nordeste, Fortaleza, CE (Brasil)
_910124
111 1 _a2. Seminario de Planejamento Agricola
_cFortaleza, CE (Brazil)
_d15 Jul 1974
245 1 _a2. Seminario de Planejamento Agricola - Sistematizacao do planejamento agricola regional [Brasil]
260 3 _aFortaleza, CE (Brasil):
_c1974.
300 _a18 p.
650 _aAdministracao
650 _aPlanejamento agricola
909 _a202309
_bLucia
_c55
_dLucia Elande
942 _cBK
999 _c18923
_d18923